| 000 | 00582nam a22001937a 4500 | ||
|---|---|---|---|
| 003 | 0 | ||
| 005 | 20230817123948.0 | ||
| 008 | 230811b xxu||||| |||| 00| 0 eng d | ||
| 020 | _a978-971-10-1364-6 | ||
| 050 |
_aDS 675.8.R5 _b.V55 2018 |
||
| 100 | _aVillaroman, Noel G. | ||
| 245 |
_aDapitanon _cNoe; G. Villaroman |
||
| 260 |
_aQuezon City _bNew Day Publishers _cc2018 |
||
| 300 |
_axv, 281 pp. ; _c23 cm. |
||
| 504 | _aIncludes bibliographical references and index. | ||
| 600 | _aRizal, Jose, 1861-1896. | ||
| 650 | _aHeroes - Philippines - Biography. | ||
| 942 |
_2lcc _cBK |
||
| 999 |
_c365140 _d365140 |
||